Managing business risk (Record no. 103042)

MARC details
000 -LEADER
fixed length control field 01133cam a22002535a 4500
001 - CONTROL NUMBER
control field L123437
008 - FIXED-LENGTH DATA ELEMENTS--GENERAL INFORMATION
fixed length control field 080731s2008 xxkado f 001 0 eng u
020 ## - INTERNATIONAL STANDARD BOOK NUMBER
International Standard Book Number 0749440813
035 ## - SYSTEM CONTROL NUMBER
System control number (Sirsi) u123437
041 ## - LANGUAGE CODE
Language code of text/sound track or separate title eng
050 ## - LIBRARY OF CONGRESS CALL NUMBER
Classification number 658.403 $2 18
100 ## - MAIN ENTRY--PERSONAL NAME
Personal name Reuvid, Jonathan
245 ## - TITLE STATEMENT
Title Managing business risk
Remainder of title a practical guide to protecting your business
250 ## - EDITION STATEMENT
Edition statement 5th ed.
260 ## - PUBLICATION, DISTRIBUTION, ETC.
Place of publication, distribution, etc. London
Name of publisher, distributor, etc. Kogan Page
Date of publication, distribution, etc. 2008
300 ## - PHYSICAL DESCRIPTION
Extent xiv, 227p.
Other physical details ill.
Dimensions 25cm.
350 ## - PRICE (NR) (BK AM CF MU VM SE) [OBSOLETE]
Price 50
505 2# - FORMATTED CONTENTS NOTE
Formatted contents note Risk management strategy -- Corporate risk concerns -- Risk issues in operational management -- Intellectual property risks -- The role of IT in providing risk solutions
520 ## - SUMMARY, ETC.
Summary, etc. This practical guide to potential areas of risk within a business is aimed at directors of both large and small companies. Covers: value and cost; change and continuity; governance and control; integrity and accountability; legal considerations; financial risks; knowledge and systems; workplace issues and catastrophe and loss.
521 ## - TARGET AUDIENCE NOTE
Target audience note Advanced
651 #4 - SUBJECT ADDED ENTRY--GEOGRAPHIC NAME
Geographic name International
690 ## - LOCAL SUBJECT ADDED ENTRY--TOPICAL TERM (OCLC, RLIN)
Topical term or geographic name as entry element MANAGEMENT-BUSINESS MANAGEMENT
942 ## - ADDED ENTRY ELEMENTS (KOHA)
Suppress in OPAC 0
Holdings
Withdrawn status Lost status Source of classification or shelving scheme Damaged status Not for loan Home library Current library Shelving location Date acquired Cost, normal purchase price Total Checkouts Full call number Barcode Date last seen Date last checked out Copy number Cost, replacement price Price effective from Koha item type
    Other/Generic Classification Scheme     London London Books 11/09/2003 50.00 8 658.403 REU 30067729 06/08/2019 05/12/2006 1 50.00 06/08/2019 Book
    Other/Generic Classification Scheme     London London Books 30/07/2008 50.00 2 658.403 REU 30074925 06/08/2019 10/09/2008 2 50.00 06/08/2019 Book